[Event "Asia Club-ch Hybrid"]
[Site "Tornelo INT"]
[Date "2021.11.07"]
[Round "5.4"]
[White "Randil, Lakshita"]
[Black "Mashoofi, Sepehr"]
[Result "1-0"]
[WhiteElo "1927"]
[BlackElo "1757"]
[PlyCount "85"]
[EventDate "2021.11.03"]
[EventType "team-swiss"]
[EventRounds "9"]
[EventCountry "NET"]
[SourceTitle "CBM 205 Extra"]
[Source "ChessBase"]
[SourceDate "2022.01.31"]
[SourceVersion "1"]
[SourceVersionDate "2022.01.31"]
[SourceQuality "1"]
[WhiteTeam "Super Knight CC"]
[BlackTeam "Fekre Bartar"]
[WhiteTeamCountry "SRI"]
[BlackTeamCountry "IRI"]

1. d4 Nf6 2. Nf3 c5 3. c3 c4 4. Bf4 d5 5. b3 Bf5 6. bxc4 Qc8 7. e3 Nbd7 8. Nbd2 dxc4 9. Bxc4 e6 10. h3 h6 11. a4 Ne4 12. Qb3 Nd6 13. Be2 Be7 14. a5 0-0 15. 0-0 Ne4 16. Nxe4 Bxe4 17. Nd2 Bc6 18. e4 Nf6 19. Bd3 Rd8 20. Rfe1 Nh5 21. Bh2 Bg5 22. Nf3 Bf4 23. c4 Qc7 24. Bxf4 Nxf4 25. Bf1 Qe7 26. d5 Be8 27. g3 Ng6 28. e5 exd5 29. cxd5 Qc5 30. Red1 Ne7 31. d6 Nc6 32. Rd5 Qb4 33. Qd3 Bd7 34. Rb5 Nxe5 35. Rxb4 Nxd3 36. Bxd3 Bc6 37. Ne5 Rxd6 38. Nxc6 Rxd3 39. Rxb7 Rd6 40. Rxa7 Rxa7 41. Nxa7 Rd5 42. a6 Rc5 43. Nb5 1-0